000
00239nam a2200097Ia 4500
001
758330
005
20250826164854.0
008
250824s9999 xx 000 0 und d
245
0
_a
SUSACAK VAR
_c
KAHRAMAN TAZEOĞLU
260
_b
DESTEK YAYINLARI
999
_c
758330
_d
758330